La abolición de la esclavitud en Puerto-Rico (Record no. 187792)
[ view plain ]
| 000 -LEADER | |
|---|---|
| campo de control de longitud fija | 01036nam a2200229 i 4500 |
| 001 - NÚMERO DE CONTROL | |
| campo de control | 187792 |
| 003 - IDENTIFICADOR DE NÚMERO DE CONTROL | |
| campo de control | ES-MaACL |
| 005 - FECHA Y HORA DE LA ÚLTIMA TRANSACCIÓN | |
| campo de control | 20250902103718.0 |
| 008 - DATOS DE LONGITUD FIJA--INFORMACIÓN GENERAL | |
| campo de control de longitud fija | 180223s1873 sp |||| | spa d |
| 245 03 - MENCIÓN DEL TÍTULO | |
| Título | La abolición de la esclavitud en Puerto-Rico |
| Resto del título | : reunión celebrada en el Teatro Nacional de la Ópera, por la Sociedad Abolicionista Española, el día 23 de enero de 1879 / |
| Mención de responsabilidad, etc. | presidencia, Sr. D. Fernando de Castro ; oradores, señores Carrasco, Labra, Alonso (J.B.) y Rodríguez (G.). |
| 260 ## - PUBLICACIÓN, DISTRIBUCIÓN, ETC. | |
| Lugar de publicación, distribución, etc. | Madrid : |
| Nombre del editor, distribuidor, etc. | Sociedad Abolicionista Española, |
| Fecha de publicación, distribución, etc. | 1873. |
| 300 ## - DESCRIPCIÓN FÍSICA | |
| Extensión | 53 p. ; |
| Dimensiones | 19 cm. |
| 594 ## - Nota al título y mención de responsabilidad | |
| Nota al título y mención de responsabilidad | Precede al tít.: Propaganda anti-esclavista. |
| 650 #4 - PUNTO DE ACCESO ADICIONAL DE MATERIA--TÉRMINO DE MATERIA | |
| Término de materia o nombre geográfico como elemento de entrada | Esclavitud- |
| Subdivisión geográfica | Puerto Rico |
| 9 (RLIN) | 12363 |
| 700 1# - ENTRADA AGREGADA--NOMBRE PERSONAL | |
| Nombre de persona | Castro, Fernando de, |
| Fechas asociadas al nombre | 1814-1874 |
| 9 (RLIN) | 150497 |
| 700 1# - ENTRADA AGREGADA--NOMBRE PERSONAL | |
| Nombre de persona | Carrasco, Antonio. |
| 9 (RLIN) | 35520 |
| 700 1# - ENTRADA AGREGADA--NOMBRE PERSONAL | |
| Nombre de persona | Labra, Rafael M. de, |
| Fechas asociadas al nombre | 1840-1918 |
| 9 (RLIN) | 69273 |
| 700 1# - ENTRADA AGREGADA--NOMBRE PERSONAL | |
| Nombre de persona | Rodríguez, Gabriel, |
| Fechas asociadas al nombre | 1829-1901 |
| 9 (RLIN) | 98243 |
| 710 2# - ENTRADA AGREGADA--NOMBRE DE ENTIDAD CORPORATIVA | |
| Nombre de entidad corporativa o nombre de jurisdicción como elemento de entrada | Sociedad Abolicionista Española |
| 9 (RLIN) | 6627 |
| 852 ## - LOCALIZACIÓN | |
| Ubicación | ES-MaACL |
| Número de control de estantería | T-616-F-10 |
| Estatus retirado | Estado de pérdida | Estado de daño | No para préstamo | Colección | Biblioteca de origen | Biblioteca actual | Ubicación en estantería | Fecha de adquisición | Fuente de adquisición | Total de préstamos | Signatura topográfica completa | Código de barras | Visto por última vez | Precio de reemplazo | Tipo de ítem Koha |
|---|---|---|---|---|---|---|---|---|---|---|---|---|---|---|---|
| Colección de folletos | Biblioteca del Ateneo de Madrid | Biblioteca del Ateneo de Madrid | Depósito folletos | 23/02/2018 | T-616-F-10 | 1198407 | 23/02/2023 | 23/02/2023 | Folleto |
